Geography #2: Chain game - Statistics

General Stats
  • This quiz has been taken 208 times
  • The average score is 11 of 15
Answer Stats
Hint Answer % Correct
Country and river in Africa Niger
96%
Country where bullfighting originated. Spain
96%
A collection of maps Atlas
94%
Most populous African country Nigeria
93%
Site of Second US atomic bomb in Japan Nagasaki
91%
State whose capital is Little Rock Arkansas
89%
Old name for Mumbai Bombay
89%
Country that takes up most of a subcontinent India
85%
Capital of Jordan Amman
78%
Where did mocha originate? Yemen
70%
Country on the Mediterranean Sea Israel
64%
Capital of Togo Lome
47%
Region in China famous for spicy food Sichuan
45%
Island with Mount Wilhelm New Guinea
15%
Desert in Saudi Arabia Rub Al Khali
9%
No matching quizzes found
Score Distribution
Percent of People with Each Score
Percentile by Number Answered
Your Score History
You have not taken this quiz